| 000 | 00493nam a22001817a 4500 | ||
|---|---|---|---|
| 005 | 20241209152107.0 | ||
| 008 | 241209b ||||| |||| 00| 0 eng d | ||
| 024 | _2D-12 | ||
| 040 | _cAL | ||
| 041 | _aeng | ||
| 082 |
_223 _a345 _bBARD |
||
| 100 |
_aBare Act _9189032 |
||
| 245 | _aDramatic Performances Act 1876 | ||
| 260 |
_aNew Delhi _bUniversal LexisNexis _c2024 |
||
| 365 |
_2Law _a1060 _b₹47.45 _c₹ _d₹65.00 _e27% _f28/11/2024 |
||
| 440 |
_aBare Act 2024 _9189033 |
||
| 942 |
_2ddc _cBK |
||
| 999 |
_c232381 _d232381 |
||